000 00170 a2200097 4500
041 _aspa
100 _aAnonimo
245 _aPiloto de Avion
942 _cBK
952 _71
999 _c16815
_d16815